00617cam a22002052 4500001001100000005001700011008004100028020001700069040001500086050002200101100003200123245006600155250001200221260004100233300001500274650003400289650005200323700003300375852000300408000002494920151217145950.0140401s xx 000 0 eng d a0077122852 : aKABUcKABU 0aHF1416b.G43 20101 aGhauri, Pervez.@000018528010aInternational marketing /cPervez Ghauri and Philip Cateora. a3rd ed. aLondon :bMcGraw-Hill Educ.,cc2010. axlvi, 682. 0aExport marketing.@0000151331 0aInternational business enterprises.@00001508691 aCateora, Philip.@00001852811